Snow-copped peaks and darkening shadiws (Record no. 1030875)

MARC details
000 -LEADER
fixed length control field 00509nam a2200181Ia 4500
008 - FIXED-LENGTH DATA ELEMENTS--GENERAL INFORMATION
fixed length control field 151018s9999 xx 000 0 und d
082 ## - DEWEY DECIMAL CLASSIFICATION NUMBER
Item number RBASDV31342
Classification number 824
100 ## - MAIN ENTRY--PERSONAL NAME
Personal name Sibnarayan Ray
245 ## - TITLE STATEMENT
Title Snow-copped peaks and darkening shadiws
250 ## - EDITION STATEMENT
Remainder of edition statement 1
260 ## - PUBLICATION, DISTRIBUTION, ETC. (IMPRINT)
Name of publisher, distributor, etc Minerva associates
Date of publication, distribution, etc 1999
300 ## - PHYSICAL DESCRIPTION
Extent 143
600 ## - SUBJECT ADDED ENTRY--PERSONAL NAME
Personal name Sibnarayan Ray
630 ## - SUBJECT ADDED ENTRY--UNIFORM TITLE
Uniform title Snow-copped peaks and darkening shadiws
700 ## - ADDED ENTRY--PERSONAL NAME
Personal name Sibnarayan Ray
730 ## - ADDED ENTRY--UNIFORM TITLE
Uniform title Snow-copped peaks and darkening shadiws
942 ## - ADDED ENTRY ELEMENTS (KOHA)
Koha item type Book
Holdings
Withdrawn status Lost status Damaged status Not for loan Home library Current library Date acquired Cost, normal purchase price Total Checkouts Full call number Barcode Date last seen Cost, replacement price Price effective from Koha item type
        R.B. Anant Shivaji Desai Vachanalaya and Granthalaya, Kudal R.B. Anant Shivaji Desai Vachanalaya and Granthalaya, Kudal 08/30/2009 21.00   RBASDV31342 RBASDV31342 10/18/2015 21.00 10/18/2015 Book